Normal view
MARC view
- DIESEL ENGINE-FUEL SYSTEM REPAIR FUEL SYSTEM REPAIR OF DIESEL ENGINE
Entry Topical Term
001 - CONTROL NUMBER
- control field: 57767
003 - CONTROL NUMBER IDENTIFIER
- control field: NUST
005 - DATE AND TIME OF LATEST TRANSACTION
- control field: 20210628202007.0
008 - FIXED-LENGTH DATA ELEMENTS
- fixed length control field: 210628|| aca||aabn | a|a d
040 ## - CATALOGING SOURCE
- Original cataloging agency: NUST
- Transcribing agency: NUST
150 ## - HEADING--TOPICAL TERM
- Topical term or geographic name entry element: DIESEL ENGINE-FUEL SYSTEM REPAIR FUEL SYSTEM REPAIR OF DIESEL ENGINE
670 ## - SOURCE DATA FOUND
- Source citation: Work cat.: (NUST): Dagel, John F 57766, Diesel engine and fuel system repair, 1994
